The criminal appeal reports 1980 Vol. 70/ (Record no. 4786)
[ view plain ]
| 000 -LEADER | |
|---|---|
| fixed length control field | 01969cas a2200505 a 4500 |
| 001 - CONTROL NUMBER | |
| control field | 11425351 |
| 003 - CONTROL NUMBER IDENTIFIER | |
| control field | OSt |
| 005 - DATE AND TIME OF LATEST TRANSACTION | |
| control field | 20120106151524.0 |
| 008 - FIXED-LENGTH DATA ELEMENTS--GENERAL INFORMATION | |
| fixed length control field | 801002c19799999enkuu w 0 a0eng c |
| 010 ## - LIBRARY OF CONGRESS CONTROL NUMBER | |
| LC control number | 93660986 |
| Canceled/invalid LC control number | sn 88012670 |
| 022 ## - INTERNATIONAL STANDARD SERIAL NUMBER | |
| International Standard Serial Number | 421279400 |
| 035 ## - SYSTEM CONTROL NUMBER | |
| System control number | (OCoLC)ocm06780592 |
| 040 ## - CATALOGING SOURCE | |
| Original cataloging agency | TxU-L |
| Transcribing agency | TxU-L |
| Modifying agency | NIC |
| -- | NST |
| -- | DLC |
| -- | MH |
| -- | OCoLC |
| 042 ## - AUTHENTICATION CODE | |
| Authentication code | pcc |
| 043 ## - GEOGRAPHIC AREA CODE | |
| Geographic area code | e-uk--- |
| 050 00 - LIBRARY OF CONGRESS CALL NUMBER | |
| Classification number | KD8406 |
| Item number | .A514 |
| 082 00 - DEWEY DECIMAL CLASSIFICATION NUMBER | |
| Classification number | 348.41/CRI |
| -- | 344.1050264 |
| Edition number | 20 |
| 110 1# - MAIN ENTRY--CORPORATE NAME | |
| Corporate name or jurisdiction name as entry element | Great Britain. |
| Subordinate unit | Court of Appeal. |
| 9 (RLIN) | 5722 |
| 245 14 - TITLE STATEMENT | |
| Title | The criminal appeal reports 1980 Vol. 70/ |
| Name of part/section of a work | Sentencing. |
| 246 30 - VARYING FORM OF TITLE | |
| Title proper/short title | Sentencing |
| 246 3# - VARYING FORM OF TITLE | |
| Title proper/short title | CrAppR(s) |
| 246 1# - VARYING FORM OF TITLE | |
| Display text | At head of title <1989-1991>: |
| Title proper/short title | Law reports |
| 260 ## - PUBLICATION, DISTRIBUTION, ETC. (IMPRINT) | |
| Place of publication, distribution, etc | London : |
| Name of publisher, distributor, etc | Sweet & Maxwell, |
| Date of publication, distribution, etc | 1980- |
| 265 ## - SOURCE FOR ACQUISITION/SUBSCRIPTION ADDRESS [OBSOLETE] | |
| Source for acquisition/subscription address [OBSOLETE] | Subscription Dept., North Way, Andover, Eng. |
| 300 ## - PHYSICAL DESCRIPTION | |
| Extent | v. ; |
| Dimensions | 25 cm. |
| 362 0# - DATES OF PUBLICATION AND/OR SEQUENTIAL DESIGNATION | |
| Dates of publication and/or sequential designation | 1979, pt. 1- |
| 500 ## - GENERAL NOTE | |
| General note | Title from cover. |
| 515 ## - NUMBERING PECULIARITIES NOTE | |
| Numbering peculiarities note | Issued in parts. |
| 515 ## - NUMBERING PECULIARITIES NOTE | |
| Numbering peculiarities note | Issues designated 12 CrAppR(S) cover 1990-1991. |
| 515 ## - NUMBERING PECULIARITIES NOTE | |
| Numbering peculiarities note | Issues for 1979-<1991> cited as 1 CrAppR(S)-<12 CrAppR(S)> |
| 580 ## - LINKING ENTRY COMPLEXITY NOTE | |
| Linking entry complexity note | Companion publication to: Criminal appeal reports. |
| 590 ## - LOCAL NOTE (RLIN) | |
| Local note | SERBIB/SERLOC merged record |
| 650 #0 - SUBJECT ADDED ENTRY--TOPICAL TERM | |
| Topical term or geographic name as entry element | Sentences (Criminal procedure) |
| Geographic subdivision | Great Britain |
| Form subdivision | Cases. |
| 9 (RLIN) | 5723 |
| 650 #0 - SUBJECT ADDED ENTRY--TOPICAL TERM | |
| Topical term or geographic name as entry element | Criminal law |
| Geographic subdivision | Great Britain |
| Form subdivision | Cases. |
| 9 (RLIN) | 5724 |
| 787 1# - NONSPECIFIC RELATIONSHIP ENTRY | |
| Title | Criminal appeal reports |
| Record control number | (DLC) 76642353 |
| -- | (OCoLC)2617568 |
| 906 ## - LOCAL DATA ELEMENT F, LDF (RLIN) | |
| a | 7 |
| b | cbc |
| c | serials |
| d | u |
| e | ncip |
| f | 19 |
| g | n-oclcserc |
| 936 ## - OCLC/CONSER MISCELLANEOUS DATA (OCLC); PIECE USED FOR CATALOGING (pre-AACR2) (RLIN) | |
| OCLC control number(s) of parallel record(s) (OCLC); Piece used for cataloging, PUC (RLIN) | 1991, pt. 5 LIC |
| 942 ## - ADDED ENTRY ELEMENTS (KOHA) | |
| Source of classification or shelving scheme | Dewey Decimal Classification |
| Koha item type | Law Reports |
| Withdrawn status | Lost status | Source of classification or shelving scheme | Damaged status | Not for loan | Home library | Current library | Shelving location | Date acquired | Total Checkouts | Full call number | Barcode | Date last seen | Price effective from | Koha item type |
|---|---|---|---|---|---|---|---|---|---|---|---|---|---|---|
| Dewey Decimal Classification | Law Development Centre Main Library | Law Development Centre Main Library | Law Reports | 01/06/2012 | 345.41/CRI | 3285/2012 | 01/06/2012 | 01/06/2012 | Law Reports |
